000
00228nam a2200097Ia 4500
008
220204s9999 xx 000 0 und d
082
_a
82-3
_b
TWA
100
_a
Twain, Mark
245
0
_a
Adventures of Huckleberry Finn
942
_c
BK
999
_c
33042
_d
33042